000 00638nam a2200217Ii 4500
003 JO-AjNU
008 230605s9999||||xx |||||||||||||| ||und||
017 _a1978/5979
020 _a977-247-571-5
040 _aJO-AjNU
_bara
_erda
_cJO-AjNU
041 _aara
050 1 4 _aJC585.H6
100 3 _aهولت ، جون / نظمى لوقا ، ترجمة ,
_eauthor
_915986
245 0 0 _aالحرية وما وراءها
250 _a(د،ط)
264 3 1 _aالقاهرة : دار المعارف ،1978
300 _a371ص
336 _atext
_btxt
_2rdacontent
337 _aunmediated
_bn
_2rdamedia
338 _avolume
_bnc
_2rdacarrier
999 _aA4639
_c8207
_d8207